000 00431nam a2200181Ia 4500
005 20250603144849.0
008 250603s9999 xx 000 0 und d
020 _a0 -15- 522585- 7
050 _aPE 1121 .P53/
100 _aPimsleur, Paul
245 0 _aEncounters : a basic reader
260 _aNew York
260 _bHarcourt Brace Jovanovich
260 _c1974
300 _a205 p
650 _aNew York
942 _cBK
999 _c40175
_d40175